00237nam a2200097Ia 4500008004100000041000800041082001600049100002000065245004500085260000900130240625s9999 xx 000 0 und d aeng a658.404 GRA aGRAY CLIFFORD F aPROJECT MANAGEMENT THE MANAGERIAL PROCES c2010